000 00879cab a2200289 4500
001 WB3026-47
008 090401t1994 xxu||||| |||| 00| 0 eng d
035 _a(Sirsi) u80974
041 _aeng
245 _aHaunted house damages
260 _c1994
350 _a0
490 _aGuardian
_v7 July 1994, 2(1)
520 _aOwners of a house, which was supposed to be haunted, felt they had been mislead on the income potential of the property and won £71 000 damages against the previous owners, who sold the house.
650 _aCHINGLE HALL
650 _aDAMAGES
650 _aESTATE AGENTS
650 _aGHOSTS
650 _aHAUNTED HOUSE
650 _aPARTICULARS
650 _aPROPERTY MISDESCRIPTIONS ACT 1991
650 _aTOURIST POTENTIAL
650 _aValuation
_96273
690 _aPROPERTY LAW AND PRACTICE
942 _n0
948 _c04/03/1997
999 _c51010
_d51010